ՀՀ Գիտությունների ազգային ակադեմիայի հիմնարար գիտական գրադարան  =   Fundamental Scientific Library of NAS RA

Средневековые армянские архитекторы и мастера по камню : (Record no. 533588)

MARC details
000 -LEADER
fixed length control field 00824nam a2200217 a 4500
001 - CONTROL NUMBER
control field 1829184
003 - CONTROL NUMBER IDENTIFIER
control field AM-YeHGA
005 - DATE AND TIME OF LATEST TRANSACTION
control field 20250617165032.0
008 - FIXED-LENGTH DATA ELEMENTS--GENERAL INFORMATION
fixed length control field 220414s1955 ai ||||||m||||||0|0|rus|d
040 ## - CATALOGING SOURCE
Original cataloging agency AM-YeHGA
041 0# - LANGUAGE CODE
Language code of text/sound track or separate title rus
090 ## - LOCALLY ASSIGNED LC-TYPE CALL NUMBER (OCLC); LOCAL CALL NUMBER (RLIN)
-- 572652
100 1# - MAIN ENTRY--PERSONAL NAME
Personal name Бархударян, С. Г.
245 10 - TITLE STATEMENT
Title Средневековые армянские архитекторы и мастера по камню :
Remainder of title Автореферат дис. представл. на соискание учен. степени кандидата ист. наук /
Statement of responsibility, etc. С.Г. Бархударян.
260 ## - PUBLICATION, DISTRIBUTION, ETC.
Place of publication, distribution, etc. Ереван,
Date of publication, distribution, etc. 1955.
300 ## - PHYSICAL DESCRIPTION
Extent 12 с.
502 ## - DISSERTATION NOTE
Dissertation note Акад. наук Арм. ССР. Ин-т истории
650 14 - SUBJECT ADDED ENTRY--TOPICAL TERM
Topical term or geographic name entry element Армянская архитектура
655 #0 - INDEX TERM--GENRE/FORM
Genre/form data or focus term Thesis
942 ## - ADDED ENTRY ELEMENTS (KOHA)
Source of classification or shelving scheme Universal Decimal Classification
Koha item type Ատենախոսություններ / Dissertations
Holdings
Withdrawn status Lost status Source of classification or shelving scheme Damaged status Not for loan Collection Home library Current library Date acquired Total checkouts Full call number Barcode Date last seen Price effective from Koha item type Public note
    Universal Decimal Classification     Kusikian Individual Collection Fundamental Scientific Library Fundamental Scientific Library 07/03/2025   Кус/1665 FL0689418 07/03/2025 07/03/2025 Ատենախոսություններ / Dissertations ILL Non-Circ.


ՀՀ ԳԱԱ հիմնարար գիտական գրադարան
ՀՀ,Երևան 0019
Մարշալ Բաղրամյան 24/6
հեռախոս:(374-10) 52-47-50
Հետադարձ կապ

All site content, except where otherwise noted, is licensed under a
Creative Commons License